BIBLIOTHÈQUE DE LA MAISON DU MEXIQUE

Logo 1 Logo 2

Los mayas. Señores de la creación (notice nᵒ 12704)

détails MARC
000 -Sello discográfico
campo de control de longitud fija 01056nam a2200289 4500
005 - Identificación de versión
campo de control 20260325141805.0
010 ## - Número Estándar Internacional de Libros (ISBN)
Número (ISBN) 84-96431-11-8
099 ## - fechas locales
Tipo de ítem Koha LIBRO
100 ## - Datos de procesamiento general
Datos de procesamiento general 20260319d2005 u||y0spay50 ba
101 ## - Idioma del recurso
Idioma del texto, banda sonora, etc. Español; Castellano
Idioma de la obra original Inglés
105 ## - Campo de datos codificados: Material textual, monográfico
Datos codificados de monografía a 001zy
200 ## - Título y mención de responsabilidad
Título propio Los mayas. Señores de la creación
Designación general del material texto impreso
Otra información del título los orígenes de la realeza sagrada
Primer mención de responsabilidad Virginia M. Fields, Dorie Reents-Budet
210 ## - Publicación, distribución, etc.
Lugar de publicación, distribución, etc. Madrid
-- México
Nombre del editor, distribuidor, etc. Editorial Nerea
-- Consejo Nacional para la Cultura y las Artes
-- Instituto Nacional de Antropología e Historia
-- Televisa
Fecha de publicación, distribución, etc. 2005
215 ## - Descripción física
Designación de material específico y extensión del ítem 287 p
Otras características físicas principalmente il.
Dimensiones 30 cm
320 ## - Nota de índices/bibliografías internas
Texto de la nota Bibliografía: p. 263-280
345 ## - Nota de información de adquisición
Fuente de adquisición/dirección de la suscripción [OBSOLETO] Donación
454 ## - Traducción de
Título Lords of Creation : The Origins of Saced Maya Kingship
606 ## - Término temático usado como materia
Elemento de entrada Mayas
Subdivisión temática Antigüedades
Número Koha 940
606 ## - Término temático usado como materia
Elemento de entrada Arte maya
Subdivisión temática Exposiciones
Número Koha 19560
606 ## - Término temático usado como materia
Elemento de entrada Mayas
Subdivisión temática Vida social y costumbres
Número Koha 4453
660 ## - Código de área geográfica
Código MX
702 ## - Nombre personal - Responsabilidad secundaria
Elemento de entrada Fields
Parte del nombre distinta del elemento de entrada Virginia M
Fechas 1953-2011
Número Koha 19561
702 ## - Nombre personal - Responsabilidad secundaria
Elemento de entrada Reents-Budet
Parte del nombre distinta del elemento de entrada Dorie
Número Koha 19562
801 ## - Fuente de origen
País FR
Agencia cm
Reglas de catalogación (convenciones descriptivas) AFNOR
942 ## - ELEMENTOS DE ENTRADA SECUNDARIOS (KOHA)
Tipo de ítem Koha Livre
Exemplaires
Estatus retirado Estado de daño Estado de pérdida Fuente de la clasificación o esquema de estantería Fecha de adquisición Biblioteca de origen Biblioteca actual Código de barras Precio de reemplazo Signatura topográfica completa No para préstamo Tipo de ítem Koha Nota no pública
      Clasificación Decimal Dewey 19/03/2026 Casa México Paris Casa México Paris 005393 19/03/2026 F972.011 M467f No se presta a domicilio Livre 751145101